| 000 | 00722nam a2200241 a 4500 | ||
|---|---|---|---|
| 001 | 70178 | ||
| 003 | BD-RjUL | ||
| 005 | 20211209081955.0 | ||
| 008 | 170416t19361964nyua b 001 0 eng d | ||
| 035 | _a(BD-RjUL)70391 | ||
| 040 |
_aANL _beng _cANL _dBD-RjUL |
||
| 041 | _aeng | ||
| 082 | 0 | 4 |
_a301 _223 _bLIS 1964 |
| 100 | 1 |
_aLinton, Ralph, _d1893-1953. _9207833 |
|
| 245 | 1 | 4 |
_aThe study of man : _ban introduction / _cby Ralph Linton. |
| 260 |
_aNew York : _bAppleton-Century, _cc1936, c1964 |
||
| 300 |
_aix, 503 p. ; _c22 cm. |
||
| 490 | _aThe century social science series | ||
| 500 | _aIncludes Indexes | ||
| 650 | 0 |
_aAnthropology. _9207834 |
|
| 830 |
_aThe century social science series _9226019 |
||
| 942 |
_2ddc _cBK |
||
| 999 |
_c70178 _d70178 |
||